| 000 | 00409 a2200157 4500 | ||
|---|---|---|---|
| 001 | 60636 | ||
| 020 | _a853080242X | ||
| 040 | _cAnchieta - Pituba | ||
| 100 | _aGama, Zacarias Jaegger | ||
| 240 | 1 | 0 |
_aAvaliação na escola de 2º grau _lpor |
| 245 | 1 | 0 | _aAvaliação na escola de 2º grau |
| 300 | _a172 | ||
| 362 | 0 | _a1993 | |
| 650 | 4 | _aExames e testes, prognóstico acadêmico e colocação | |
| 942 | _cBK | ||
| 999 |
_c60636 _d60636 |
||